| 000 | 01233cam a2200301 a 4500 | ||
|---|---|---|---|
| 001 | 15561838 | ||
| 005 | 20170105102344.0 | ||
| 008 | 081218s2010 maua b 001 0 eng | ||
| 010 | _a 2008055021 | ||
| 020 | _a9780321523068 | ||
| 020 | _a0321523067 | ||
| 035 | _a(OCoLC)ocn289070839 | ||
| 040 |
_aDLC _cDLC _dYDXCP _dYDX _dBWKUK _dBWX _dDLC |
||
| 050 | 0 | 0 |
_aQA76.9.D26 _bC66 2010 |
| 082 | 0 | 0 |
_a005.74 _222 |
| 100 | 1 | _aConnolly, Thomas M. | |
| 245 | 1 | 0 |
_aDatabase systems : a practical approach to design, implementation, and management _ba practical approach to design, implementation, and management _cThomas M. Connolly, Carolyn E. Begg. |
| 250 | _a5th ed. | ||
| 260 |
_aBoston ; _aLondon : _bAddison-Wesley, _cc2010. |
||
| 300 |
_a1 v. (various pagings) : _bill. (some col.) ; _c23 cm. |
||
| 504 | _aIncludes bibliographical references and index. | ||
| 650 | 0 | _aDatabase design. | |
| 650 | 0 | _aDatabase management. | |
| 700 | 1 | _aBegg, Carolyn E. | |
| 906 |
_a7 _bcbc _corignew _d1 _eecip _f20 _gy-gencatlg |
||
| 942 |
_2ddc _cBK |
||
| 999 |
_c11602 _d11602 |
||